000 00582nmm a2200193Ia 4500
008 251105s9999||||xx |||||||||||||||||und||
020 _a9788490646908
041 _aspa
100 _aCurto Díaz, Josep
245 0 _a¿Cómo crear un data warehouse?
264 _a[Madrid, España] :
_bUniversitat Oberta de Catalunya,
_c2015
300 _a126 páginas
650 _aTechnology and computing
700 _aCurto Díaz, Josep
700 1 _a Conesa Caralt, Jordi
700 1 _a Conesa Caralt, Jordi
856 _uhttps://public.digitaliapublishing.com/a/43838
942 _cCF
999 _c64402
_d64402